[Event "Dortmund Sparkassen op-B"]
[Site "Dortmund"]
[Date "2010.07.21"]
[Round "5"]
[White "Hoffmann, Herbert"]
[Black "Biessner, Eberhard"]
[Result "0-1"]
[WhiteElo "1901"]
[BlackElo "1982"]
[PlyCount "120"]
[EventDate "2010.07.17"]
[EventType "swiss"]
[EventRounds "9"]
[EventCountry "GER"]
[SourceTitle "EXT 2014"]
[Source "ChessBase"]
[SourceDate "2013.11.20"]
[SourceVersion "1"]
[SourceVersionDate "2013.11.20"]
[SourceQuality "1"]

1. d4 Nf6 2. g3 d5 3. Bg2 Bf5 4. c4 c6 5. Nf3 dxc4 6. 0-0 Nbd7 7. a4 Be4 8. Nc3 Bd5 9. Nxd5 cxd5 10. b3 Rc8 11. Ba3 e6 12. Bxf8 Kxf8 13. bxc4 Rxc4 14. Qd2 Ne4 15. Qf4 Qf6 16. Qxf6 gxf6 17. Rfb1 Rc7 18. Rb2 Ke7 19. Rab1 b6 20. Kf1 Rhc8 21. Ne1 Rc1 22. Bxe4 dxe4 23. e3 Rxb1 24. Rxb1 e5 25. f4 Rc4 26. dxe5 Rxa4 27. exf6+ Nxf6 28. Ng2 Nd5 29. Rb2 Ra3 30. Ke2 f5 31. Rd2 Ke6 32. Kf2 h5 33. Re2 Nc3 34. Rd2 b5 35. Ne1 Ra2 36. Nc2 a6 37. Nd4+ Kf6 38. Ke1 Ra1+ 39. Kf2 b4 40. Nb3 Rb1 41. Nc5 a5 42. Rd6+ Ke7 43. Re6+ Kf7 44. Ra6 Ra1 45. Ra7+ Ke8 46. Ra8+ Ke7 47. Ra7+ Kd6 48. Rxa5 Rxa5 49. Nb7+ Kc6 50. Nxa5+ Kb5 51. Nb3 Kc4 52. Nd2+ Kd3 53. Nb3 Nd1+ 54. Ke1 Nxe3 55. Nc5+ Kc2 56. Ke2 Nd5 57. Ne6 b3 58. Nd4+ Kc3 59. Nb5+ Kb4 60. Nd4 b2 0-1

[Event "Dortmund Sparkassen op-B"]
[Site "Dortmund"]
[Date "2010.07.20"]
[Round "4"]
[White "Schulte Braeucker, Horst"]
[Black "Hoffmann, Herbert"]
[Result "1/2-1/2"]
[WhiteElo "2070"]
[BlackElo "1901"]
[PlyCount "98"]
[EventDate "2010.07.17"]
[EventType "swiss"]
[EventRounds "9"]
[EventCountry "GER"]
[SourceTitle "EXT 2014"]
[Source "ChessBase"]
[SourceDate "2013.11.20"]
[SourceVersion "1"]
[SourceVersionDate "2013.11.20"]
[SourceQuality "1"]

1. d4 d5 2. c4 e6 3. Nc3 Nf6 4. Nf3 Nbd7 5. e3 c5 6. cxd5 Nxd5 7. e4 Nxc3 8. bxc3 cxd4 9. cxd4 Bb4+ 10. Bd2 Qa5 11. Qb3 Bxd2+ 12. Nxd2 0-0 13. Rc1 Rd8 14. Rc4 Nf6 15. Rc5 Qb6 16. Qc2 Bd7 17. Bd3 g6 18. 0-0 Rac8 19. e5 Nd5 20. Ne4 Rxc5 21. dxc5 Qc6 22. Qd2 Qc7 23. Qg5 Bc6 24. h4 Qe7 25. Qg3 f5 26. exf6 Nxf6 27. Ng5 Nh5 28. Qe3 Bd5 29. a3 Qf6 30. g3 Ng7 31. Rb1 Nf5 32. Qf4 Qd4 33. Qc7 Qf6 34. Qxh7+ Kf8 35. Bxf5 exf5 36. Re1 Re8 37. Rxe8+ Kxe8 38. f3 Qd4+ 39. Kg2 Qf6 40. Qc7 Qc6 41. Qb8+ Ke7 42. Qxa7 Qb5 43. Kf2 Qb2+ 44. Ke1 Qc1+ 45. Kf2 Qd2+ 46. Kg1 Qe1+ 47. Kg2 Qe2+ 48. Kg1 Qe1+ 49. Kg2 Qe2+ 1/2-1/2

[Event "Dortmund Sparkassen op-B"]
[Site "Dortmund"]
[Date "2010.07.19"]
[Round "3"]
[White "Hoffmann, Herbert"]
[Black "Bosbach, Jens"]
[Result "1/2-1/2"]
[WhiteElo "1901"]
[BlackElo "2025"]
[PlyCount "135"]
[EventDate "2010.07.17"]
[EventType "swiss"]
[EventRounds "9"]
[EventCountry "GER"]
[SourceTitle "EXT 2014"]
[Source "ChessBase"]
[SourceDate "2013.11.20"]
[SourceVersion "1"]
[SourceVersionDate "2013.11.20"]
[SourceQuality "1"]

1. d4 Nf6 2. c4 e6 3. g3 d5 4. Bg2 c6 5. Nf3 Bb4+ 6. Bd2 Bd6 7. 0-0 Nbd7 8. c5 Bc7 9. Nc3 Qe7 10. Bg5 h6 11. Bxf6 Nxf6 12. b4 a6 13. a4 0-0 14. Qc2 e5 15. dxe5 Ng4 16. e4 dxe4 17. Qxe4 Nxe5 18. Rfe1 Nxf3+ 19. Qxf3 Qg5 20. Ne4 Qg6 21. h3 Be6 22. Nc3 Rad8 23. Rad1 Qc2 24. Rc1 Qg6 25. Bf1 Rd7 26. Red1 Rfd8 27. Rxd7 Rxd7 28. Rd1 Rxd1 29. Qxd1 Qf6 30. Qd3 Bf5 31. Qe3 Qe6 32. Qxe6 Bxe6 33. b5 axb5 34. axb5 Be5 35. Ne4 cxb5 36. Bxb5 Bxh3 37. Nd6 Bxd6 38. cxd6 Kf8 39. f3 Be6 40. Kf2 Bd5 41. Ke3 Bc6 42. Be2 Ke8 43. Kd4 b6 44. f4 f6 45. Bg4 g6 46. Be6 Bd7 47. Bb3 g5 48. fxg5 hxg5 49. Kd5 Kf7 50. Bc2 f5 51. Ke5 b5 52. Bb3+ Ke8 53. Bd1 Kd8 54. Bb3 Kc8 55. Bd5 b4 56. Bb3 Kb7 57. Be6 Kc8 58. Bb3 f4 59. gxf4 g4 60. Ke4 Bc6+ 61. Ke3 Kd7 62. f5 Kxd6 63. f6 g3 64. Bc4 g2 65. Kf2 Be4 66. Bb3 Kd7 67. Bc4 Ke8 68. Bb3 1/2-1/2

[Event "Dortmund Sparkassen op-B"]
[Site "Dortmund"]
[Date "2010.07.17"]
[Round "1"]
[White "Hoffmann, Herbert"]
[Black "Eckert, Jasmin"]
[Result "1/2-1/2"]
[WhiteElo "1901"]
[BlackElo "1340"]
[PlyCount "69"]
[EventDate "2010.07.17"]
[EventType "swiss"]
[EventRounds "9"]
[EventCountry "GER"]
[SourceTitle "EXT 2014"]
[Source "ChessBase"]
[SourceDate "2013.11.20"]
[SourceVersion "1"]
[SourceVersionDate "2013.11.20"]
[SourceQuality "1"]

1. d4 d5 2. Nf3 Nc6 3. c4 e6 4. Nc3 Nf6 5. Bg5 Be7 6. e3 b6 7. cxd5 Nxd5 8. Bxe7 Ncxe7 9. Qa4+ c6 10. Rc1 Bb7 11. Bd3 0-0 12. Nxd5 Nxd5 13. 0-0 a5 14. a3 Qd6 15. Ne5 b5 16. Qc2 f5 17. Qc5 Qxc5 18. Rxc5 Rac8 19. Rfc1 Ne7 20. Nd7 Rfd8 21. Ne5 a4 22. Be2 Rd6 23. Bf3 g6 24. Nd3 h5 25. Nf4 Kf7 26. h3 Ba8 27. Be2 Bb7 28. Bd3 Kf6 29. Bb1 Ra8 30. Ba2 Bc8 31. Nd3 Ra6 32. Nb4 Rb6 33. Nd3 Ra6 34. Re5 Rb6 35. Nc5 1/2-1/2

[Event "Dortmund op-B"]
[Site "Dortmund"]
[Date "2009.07.12"]
[Round "9"]
[White "Stukemeier, Ralf"]
[Black "Hoffmann, Herbert"]
[Result "1/2-1/2"]
[WhiteElo "1884"]
[BlackElo "1679"]
[PlyCount "89"]
[EventDate "2009.07.04"]
[EventType "swiss"]
[EventRounds "9"]
[EventCountry "GER"]
[SourceTitle "EXT 2012"]
[Source "ChessBase"]
[SourceDate "2011.11.24"]
[SourceVersion "1"]
[SourceVersionDate "2011.11.24"]
[SourceQuality "1"]

1. e4 e5 2. Nf3 Nf6 3. Nxe5 d6 4. Nf3 Nxe4 5. d4 d5 6. Bd3 Be7 7. 0-0 Nc6 8. c4 Be6 9. Re1 Nf6 10. cxd5 Nxd5 11. Nc3 0-0 12. a3 Re8 13. Nxd5 Bxd5 14. Bf4 Bd6 15. Rxe8+ Qxe8 16. Bxd6 cxd6 17. h3 Qe7 18. Rc1 Bxf3 19. Qxf3 Nxd4 20. Bxh7+ Kxh7 21. Qd3+ Kg8 22. Qxd4 b6 23. Qd5 Rd8 24. Rd1 Kf8 25. Rd3 Qe6 26. Qg5 Qe7 27. Qh5 f6 28. Re3 Qd7 29. Rg3 Qf7 30. Qh4 Rc8 31. Re3 Kg8 32. Qb4 Rc5 33. Qa4 Re5 34. Rc3 Rc5 35. Re3 Re5 36. Rd3 d5 37. Qc6 Qe8 38. Qxe8+ Rxe8 39. Rxd5 Re1+ 40. Kh2 Re2 41. Rd8+ Kh7 42. Rd7 Rxb2 43. Rxa7 Rxf2 44. Ra6 Rb2 45. Kg3 1/2-1/2

[Event "Dortmund op-B"]
[Site "Dortmund"]
[Date "2009.07.11"]
[Round "8"]
[White "Hoffmann, Herbert"]
[Black "Gelashvili, Vakhtang"]
[Result "1/2-1/2"]
[WhiteElo "1679"]
[BlackElo "1883"]
[PlyCount "113"]
[EventDate "2009.07.04"]
[EventType "swiss"]
[EventRounds "9"]
[EventCountry "GER"]
[SourceTitle "EXT 2012"]
[Source "ChessBase"]
[SourceDate "2011.11.24"]
[SourceVersion "1"]
[SourceVersionDate "2011.11.24"]
[SourceQuality "1"]

1. d4 d5 2. Nf3 Nf6 3. c4 c6 4. g3 h6 5. Bg2 Nbd7 6. 0-0 e6 7. Nbd2 Be7 8. Qc2 h5 9. h4 Ng4 10. e4 g5 11. Nxg5 Bxg5 12. hxg5 h4 13. Nf3 h3 14. Bh1 h2+ 15. Kg2 Nf8 16. exd5 cxd5 17. Ne5 Nxe5 18. dxe5 b6 19. f4 d4 20. Qd3 Qc7 21. Bd2 Bb7+ 22. Kf2 Rd8 23. Bxb7 Qxb7 24. Qf3 Qc7 25. b3 a5 26. Rh1 Qc5 27. Kg2 Ng6 28. Rxh2 Rxh2+ 29. Kxh2 Ne7 30. g4 Nc6 31. Qd3 Ke7 32. Kg2 Nb4 33. Bxb4 Qxb4 34. Rh1 Qa3 35. Qd2 d3 36. g6 Qb4 37. Qxb4+ axb4 38. gxf7 Ra8 39. Rd1 Rxa2+ 40. Kg3 d2 41. f5 Kxf7 42. Kf4 Rb2 43. fxe6+ Kxe6 44. g5 Kf7 45. Kf5 Rxb3 46. e6+ Ke7 47. Rxd2 Rf3+ 48. Ke4 Rg3 49. Kf4 Rc3 50. Ke5 Re3+ 51. Kf4 Rc3 52. Kf5 Rf3+ 53. Ke4 Rg3 54. Kd5 Rxg5+ 55. Kc6 Rc5+ 56. Kxb6 Rxc4 57. Kb5 1/2-1/2

[Event "Dortmund op-B"]
[Site "Dortmund"]
[Date "2009.07.08"]
[Round "5"]
[White "Knack, Willi"]
[Black "Hoffmann, Herbert"]
[Result "0-1"]
[WhiteElo "1600"]
[BlackElo "1679"]
[PlyCount "64"]
[EventDate "2009.07.04"]
[EventType "swiss"]
[EventRounds "9"]
[EventCountry "GER"]
[SourceTitle "EXT 2012"]
[Source "ChessBase"]
[SourceDate "2011.11.24"]
[SourceVersion "1"]
[SourceVersionDate "2011.11.24"]
[SourceQuality "1"]

1. e4 e5 2. Nf3 Nf6 3. Nc3 Nc6 4. d4 exd4 5. Nxd4 Bb4 6. Nxc6 bxc6 7. Bd3 d5 8. Bd2 0-0 9. a3 Bd6 10. Qe2 Nxe4 11. Nxe4 dxe4 12. Bc4 Bf5 13. Rd1 Qf6 14. g4 Bg6 15. Bc3 Be5 16. Bxe5 Qxe5 17. h4 e3 18. fxe3 Qg3+ 19. Kd2 Rfe8 20. Rde1 Rab8 21. Kc1 Qe5 22. Bb3 Rxb3 23. cxb3 Qe4 24. Rd1 Qb1+ 25. Kd2 Qxb2+ 26. Ke1 Qxb3 27. Kf2 Qxa3 28. Rd7 a5 29. Rhd1 Qc3 30. R7d3 Bxd3 31. Rxd3 Qf6+ 32. Kg3 Qe5+ 0-1

[Event "Dortmund op-B"]
[Site "Dortmund"]
[Date "2009.07.04"]
[Round "1"]
[White "Finke, Lara"]
[Black "Hoffmann, Herbert"]
[Result "0-1"]
[WhiteElo "1235"]
[BlackElo "1679"]
[PlyCount "50"]
[EventDate "2009.07.04"]
[EventType "swiss"]
[EventRounds "9"]
[EventCountry "GER"]
[SourceTitle "EXT 2012"]
[Source "ChessBase"]
[SourceDate "2011.11.24"]
[SourceVersion "1"]
[SourceVersionDate "2011.11.24"]
[SourceQuality "1"]

1. e4 e5 2. Nf3 Nf6 3. Nc3 Nc6 4. Bb5 Nd4 5. Bc4 c6 6. 0-0 d5 7. exd5 cxd5 8. Be2 Nxf3+ 9. Bxf3 e4 10. Be2 a6 11. d3 Bf5 12. dxe4 dxe4 13. Bg5 Be7 14. Re1 0-0 15. Bc4 Qc7 16. Bb3 Ng4 17. g3 Bxg5 18. Nxe4 Bf6 19. c3 Bxe4 20. Rxe4 Ne5 21. Bc2 Rad8 22. Qe2 Rd2 23. Qe3 Rxc2 24. Rb1 Rd8 25. Qf4 Qc5 0-1

[Event "Moehnesee Cup-B"]
[Site "Moehnesee"]
[Date "2005.08.20"]
[Round "4"]
[White "Kaierle, Dieter"]
[Black "Hoffmann, Herbert"]
[Result "0-1"]
[WhiteElo "1331"]
[BlackElo "1690"]
[PlyCount "92"]
[EventDate "2005.08.18"]
[EventType "swiss"]
[EventRounds "7"]
[EventCountry "GER"]
[SourceTitle "CBM 108 Extra"]
[Source "ChessBase"]
[SourceDate "2005.11.04"]
[SourceVersion "1"]
[SourceVersionDate "2005.11.04"]
[SourceQuality "1"]

1. d4 d5 2. Nf3 e6 3. c4 Nf6 4. Bg5 Be7 5. Nc3 Nbd7 6. c5 0-0 7. e3 c6 8. b4 h6 9. Bf4 Ne4 10. Qc2 Ndf6 11. Bd3 Nxc3 12. Qxc3 Nh5 13. Be5 f5 14. 0-0 Nf6 15. h3 Qe8 16. Qc2 Qh5 17. Nh2 Bd7 18. Be2 Qf7 19. a4 a6 20. Rfe1 Ne4 21. f3 Ng5 22. Bd3 Qg6 23. Kh1 Nf7 24. Bf4 Bg5 25. Bxg5 Nxg5 26. e4 Qf6 27. Qf2 fxe4 28. Ng4 Qe7 29. Be2 exf3 30. Bxf3 Nxf3 31. gxf3 Rf5 32. Rg1 Kh8 33. Ne5 Be8 34. Ng6+ Bxg6 35. Rxg6 Raf8 36. Ra3 Kh7 37. Rg3 e5 38. dxe5 Rxe5 39. Qc2+ Kh8 40. Ra1 Re8 41. Rag1 Rg8 42. Qg6 Re3 43. Rg5 Rxf3 44. Rh5 Qf7 45. Qg4 Rf2 46. Qd4 Qxh5 0-1

[Event "Moehnesee Cup-B"]
[Site "Moehnesee"]
[Date "2005.08.19"]
[Round "3"]
[White "Hoffmann, Herbert"]
[Black "Schleime, Franz Josef"]
[Result "0-1"]
[WhiteElo "1690"]
[BlackElo "1595"]
[PlyCount "66"]
[EventDate "2005.08.18"]
[EventType "swiss"]
[EventRounds "7"]
[EventCountry "GER"]
[SourceTitle "CBM 108 Extra"]
[Source "ChessBase"]
[SourceDate "2005.11.04"]
[SourceVersion "1"]
[SourceVersionDate "2005.11.04"]
[SourceQuality "1"]

1. d4 Nf6 2. Nf3 e6 3. c4 d5 4. g3 b6 5. Bg2 Bb7 6. 0-0 Be7 7. Qc2 0-0 8. Bf4 c5 9. Rd1 cxd4 10. Nxd4 Nbd7 11. Nb5 e5 12. cxd5 exf4 13. d6 Bxg2 14. dxe7 Qxe7 15. Kxg2 fxg3 16. hxg3 Rac8 17. N1c3 Nc5 18. f3 a6 19. Nd6 Rcd8 20. Nf5 Qe5 21. f4 Qc7 22. Rh1 Qb7+ 23. Kg1 Nce4 24. Nxe4 Nxe4 25. Re1 b5 26. e3 Rd2 27. Qb1 Ng5 28. Nh4 Ne4 29. Nf3 Rd6 30. Re2 Rg6 31. Ng5 Nxg3 32. Reh2 Nxh1 33. Rxh1 h6 0-1

[Event "Moehnesee Cup-B"]
[Site "Moehnesee"]
[Date "2005.08.18"]
[Round "1"]
[White "Hoffmann, Herbert"]
[Black "Becker, Eduard"]
[Result "1-0"]
[WhiteElo "1690"]
[BlackElo "1343"]
[PlyCount "47"]
[EventDate "2005.08.18"]
[EventType "swiss"]
[EventRounds "7"]
[EventCountry "GER"]
[SourceTitle "CBM 108 Extra"]
[Source "ChessBase"]
[SourceDate "2005.11.04"]
[SourceVersion "1"]
[SourceVersionDate "2005.11.04"]
[SourceQuality "1"]

1. d4 d5 2. Nf3 Nf6 3. c4 c6 4. g3 e6 5. Bg2 Be7 6. 0-0 0-0 7. Qc2 Nbd7 8. Bg5 Ne4 9. Bxe7 Qxe7 10. Nfd2 Nxd2 11. Nxd2 Nf6 12. Rfe1 Bd7 13. e4 dxe4 14. Nxe4 Nxe4 15. Rxe4 f5 16. Re5 Qf7 17. Qb3 Rab8 18. Rae1 Rfe8 19. d5 cxd5 20. cxd5 Bc8 21. Qe3 b6 22. dxe6 Qe7 23. Rxf5 Qxe6 24. Bd5 1-0